000 00288cam a2200121ua 4500
082 _a631.3
_bCUL/FA
100 _aCulpin, Claude .
_91073
245 _aFarm Machinery /
250 _a9 /
260 _aLondon :
_bEnglish Language Book Society ,
_c1976.
300 _a410 ; .
942 _cBK
999 _c9174
_d9174